Estadísticas para Adivina el Precio #1

Haz click aquí para intentar la prueba.

Estadísticas generales

  • Esta prueba ha sido intentada 78 veces
  • La puntuación promedio es 4 de 15

Estadísticas de respuestas

PreguntaRespuesta% Correcto
PlayStation 1 (día de lanzamiento)$299
48%
Xbox Series X (día de lanzamiento)$499
45%
Pizza de Pepperoni XL de Papa John's$17
36%
Coliseo Romano en Lego$550
36%
Nintendo Switch (día de lanzamiento)$299.99
35%
Airpods Pro (día de lanzamiento)$249
30%
AirTags individuales de Apple (día del lanzamiento)$29
30%
iPhone 12 Pro (día de lanzamiento)$999
30%
Un vaso de Coca Cola (Día del lanzamiento)$0.05
29%
La Biblia de Elvis Presley$94.000
29%
Primer Iphone 4GB (Día de lanzamiento)$499
26%
Bandera americana de la guerra revolucionaria$17.400.000
23%
GTX 1650$150
20%
La silla de J.K Rowling$394.000
13%
RMS Titanic (En ese momento)$7.500.000
4%

Distribución de puntuación

Porcentaje por número respondido

Porcentaje de gente con cada puntuación

Historial de tus puntuaciones

No has intentado esta prueba.